Forest resource policy

Bibliographic Details
Main Author: CUBBAGE
Other Authors: Bullock III 1942-, O'Laughlin
Format: Book
Published: New Jersey : Wiley , 1993
Subjects:

MARC

LEADER 00000cam a2200000 7i4500
001 0000002476
005 20030627.0
020 0 0 |a 0471622451 
090 0 0 |a R333.750973   |b CUB 1993 
100 1 0 |a CUBBAGE   |h Frederick W. 
245 1 0 |a Forest resource policy   |c Frederick W. Cubbage, Jay O'Laughlin, Charles S. Bullock III 
260 0 0 |a New Jersey :   |b Wiley ,   |c 1993 
300 |a xxiii, 562 p. :   |b ill. ;   |c 26 cm. 
500 0 0 |a Includes bibliographical references and index 
650 0 0 |a Forest policy   |z United States 
700 0 1 |a Bullock III   |h Charles S. ,   |c 1942- 
700 0 1 |a O'Laughlin   |h Jay 
998 |a JPSM 
999 |a 0000004630   |b Monograph   |c Reference   |e Default branch